|
|
|
|
| LEADER |
01157nam a2200301 a 4500 |
| 001 |
000022947 |
| 003 |
CZ BrMZK |
| 005 |
20210720151049.0 |
| 007 |
ta |
| 008 |
020919s1992 xr a f |||| 0 cze d |
| 015 |
|
|
|a cnb000072146
|
| 020 |
|
|
|a 80-7026-090-4
|q (brož.) :
|c Kčs 24,00
|
| 040 |
|
|
|a ABA001
|b cze
|d BOA001
|
| 100 |
1 |
|
|a Brumovská, Aida,
|d 1940-2026
|7 jn20000400288
|4 aut
|
| 245 |
1 |
0 |
|a Mami, poraď mi! /
|c Aida Brumovská ; ilustr. Jan Gabler ; kresby Marta Joudová ; popisy a střihy Vlasta Čížková, Elena Staňková
|
| 260 |
|
|
|a Praha :
|b Mona,
|c [1992]
|
| 300 |
|
|
|a 95 s. :
|b il. ;
|c 20 cm
|
| 650 |
0 |
7 |
|a rodinná výchova
|7 ph125184
|2 czenas
|
| 655 |
|
7 |
|a příručky
|7 fd133209
|2 czenas
|
| 700 |
1 |
|
|a Joudová, Marta
|4 ill
|
| 700 |
1 |
|
|a Staňková, Elena
|4 aut
|
| 700 |
1 |
|
|a Čížková, Vlasta
|4 aut
|
| 700 |
1 |
|
|a Gabler, Jan,
|d 1952-
|7 xx0020265
|4 ill
|
| 910 |
|
|
|a BOA001
|b PK-0118.151
|b 2-0983.877
|
| 920 |
|
|
|a 000410698
|
| 990 |
|
|
|a BK
|
| 996 |
6 |
|
|b 2619773900
|c 2-0983.877
|l MZK
|r Sklad / do 1 hodiny
|n 3
|w 000022947
|u 000020
|a 1
|e BOA001
|j MZK50
|s P
|
| 996 |
7 |
|
|b 3119999604
|c PK-0118.151
|l MZK
|r Sklad / do 1 hodiny
|n 0
|w 000022947
|u 000010
|a 1
|e BOA001
|j MZK50
|s A
|